Paesi più vicini per regione italiana - Statistics

Statistiche generali
  • Questo quiz è stato fatto 463 volte
  • Il punteggio medio è 14 su 20
Risposte nella Mappa
Le risposte nella mappa del quiz sottostante sono codificate secondo una scala di colori dal rosso al verde in base alla % di persone che hanno risposto correttamente.
 
Statistiche sulle risposte
Regione Paese % Corretto
Liguria Francia
88%
Friuli-Venezia Giulia Slovenia / Austria
88%
Lombardia Svizzera
88%
Piemonte Francia / Svizzera
84%
Lazio Città del Vaticano
78%
Emilia-Romagna San Marino
77%
Abruzzo Città del Vaticano
75%
Marche San Marino
74%
Sardegna Francia
73%
Basilicata Albania
72%
Trentino-Alto Adige Austria / Svizzera
68%
Campania Città del Vaticano
68%
Calabria Grecia
68%
Sicilia Tunisia
68%
Valle d'Aosta Svizzera / Francia
65%
Veneto Austria
57%
Molise Croazia
55%
Toscana San Marino
55%
Umbria San Marino
51%
Puglia Croazia
49%
Nessun quiz corrispondente trovato
Distribuzione punteggi
Percentuale di utenti per punteggio
Percentile per numero di risposta
I tuoi punteggi nel tempo
Non hai fatto questo quiz